Effective Training : (Record no. 33689)

MARC details
000 -LEADER
fixed length control field 00495nam a22001937a 4500
005 - DATE AND TIME OF LATEST TRANSACTION
control field 20231005112948.0
008 - FIXED-LENGTH DATA ELEMENTS--GENERAL INFORMATION
fixed length control field 230925b |||||||| |||| 00| 0 eng d
020 ## - INTERNATIONAL STANDARD BOOK NUMBER
ISBN 9788131724194
082 ## - DEWEY DECIMAL CLASSIFICATION NUMBER
Classification number 658.3124
Item number BLA-E
100 ## - MAIN ENTRY--AUTHOR
Author Name Blachard,P.Nick
245 ## - TITLE STATEMENT
Title Effective Training :
Remainder of title Systems, Strategies, and Practices
250 ## - EDITION STATEMENT
Edition statement 3rd ed.
260 ## - PUBLICATION, DISTRIBUTION, ETC.
Place of Publication India
Name of publisher, distributor, etc. Pearson
Date of publication, distribution, etc. 2009
300 ## - PHYSICAL DESCRIPTION
Pages 486
500 ## - GENERAL NOTE
General note Include Index
650 ## - SUBJECT ADDED ENTRY--TOPICAL TERM
Subject / Department Management
700 ## - ADDED ENTRY--PERSONAL NAME
Personal name Blanchard P.Nick
952 ## - LOCATION AND ITEM INFORMATION (KOHA)
-- 0
-- 0
Holdings
Lost status Damaged status Collection code Permanent Location Current Location Shelving Location Date acquired Full Call Number Accession No./Barcode Date last seen item type
    Management Superior Information Resource Center (SIRC) Superior University- Main Campus Superior Information Resource Center (SIRC) Superior University- Main Campus Management 09/25/2023 658.3124 BLA-E 2009 20595 09/25/2023 BOOK

Powered by Koha